Detalles MARC
| 000 -LIDER |
| fixed length control field |
00952nam a2200289 a 4500 |
| 001 - NÚMERO DE CONTROL |
| Identificador de número de control |
000004538 |
| 003 - IDENTIFICACDOR DE NÚMERO DE CONTROL |
| control field |
DO-SdBNP |
| 005 - DATE AND TIME OF LATEST TRANSACTION |
| control field |
20180321154305.0 |
| 007 - CAMPOS FIJOS DE DESCRIPCIÓN FÍSICA |
| fixed length control field |
000004538 |
| 008 - ELEMENTOS DE LONGITUD FIJA |
| fixed length control field |
090723s2006 dr a 001 0 spa d |
| 020 ## - ISBN |
| International Standard Book Number |
9993410403 |
| 040 ## - FUENTE DE CATALOGACIÓN |
| Agencia que crea de manera original el registro |
BPMSU |
| Idioma de catalogación |
spa |
| Agencia que realiza la transcripción |
BPMSU |
| 082 ## - NÚMERO DE CLASIFICACIÓN DECIMAL DE DEWEY |
| Classification number |
923.2 |
| Item number |
N964C, 2006 |
| 100 1# - ASIENTO PRINCIPAL -- NOMBRE PERSONAL |
| Nombre personal |
Cassá, Roberto |
| 245 10 - MENCIÓN DE TITULO |
| Título |
José Núñez de Cáceres : |
| Subtítulo |
precursor de la independencia / |
| Mención de responsabilidad |
Roberto Cassá. |
| 250 ## - MENCIÓN DE EDICION |
| Mención de edición |
2a. ed. |
| 260 ## - PUBLICACIÓN, DISTRIBUCIÓN, ETC. (PIE DE IMPRENTA) |
| Lugar de publicación, distribución, etc |
Santo Domingo : |
| Nombre del editor, distribuidor, etc. |
Alfa y Omega, |
| Fecha de publicación, distribución, etc |
2006. |
| 300 ## - DESCRIPCIÓN FÍSICA |
| Extensión |
49 p. : |
| Otros detalles físicos |
il. |
| Dimensiones |
21 cm. |
| 490 ## - MENCIÓN DE SERIES |
| Mención de serie |
Biografías Dominicanas |
| 504 ## - NOTA DE BIBLIOGRAFÍA, ETC. |
| Bibliography, etc |
Incluye referencias bibliográficas (p. 49-) |
| 600 14 - ENCABEZAMIENTO DE MATERIA--NOMBRE PERSONAL |
| Nombre personal |
NÚÑEZ DE CÁCERES, JOSÉ, |
| Fechas asociadas con el nombre |
1772-1846 |
| 650 #4 - ENCABEZAMIENTO DE MATERIA--TEMÁTICO |
| Término temático o nombre geográfico como elemento de entrada |
REPÚBLICA DOMINICANA |
| Subdivisión temática general |
BIOGRAFÍAS |
| 651 #4 - ENCABEZAMIENTO DE MATERIA--NOMBRE GEOGRÁFICO |
| Nombre geográfico |
REPÚBLICA DOMINICANA |
| Subdivisión temática general |
HISTORIA |
| Subdivisión cronológica |
OCUPACIÓN HAITIANA, 1922-1844 |
| 942 ## - ADDED ENTRY ELEMENTS (KOHA) |
| Source of classification or shelving scheme |
Dewey Decimal Classification |
| Koha item type |
Libros |
| 945 ## - INFORMACIÓN DE PROCESAMIENTO LOCAL |
| Información de procesamiento local |
Remanejada para la BNPHU, 2018 / BT |
| 956 ## - LOCAL ELECTRONIC LOCATION AND ACCESS (OCLC) |
| Nombre de host |
VMATEO |
| Número de acceso |
10 |
| Información de compresión |
20100709 |
| Inicio de sesión |
BPMSU |
| Procesador de solicitud |
0069 |